Estrategia de la paz

Bibliographische Detailangaben
1. Verfasser: Kennedy, John F.
Format: Paket
Sprache:Spanish
Schriftenreihe:Alboreal
Schlagworte:
Paz

MARC

LEADER 00000csc a2200000 a 4500
001 33299
005 20230308205921.0
008 964021|1963 ||||||||r|||||||||||spa||
040 |b spa 
041 1 |a spa 
082 0 |a 341.1 
100 1 |a Kennedy, John F.  |9 287351 
245 |a Estrategia de la paz  |c John F. Kennedy  |h imp 
264 |a Buenos Aires  |b Plaza Janes  |c 1963 
300 |a 254 páginas:  |c 17.5 cm 
490 |a Alboreal 
650 1 |a Paz  |9 8822 
852 |a UC-CDJBV  |c ESTANTERIA CERRADA  |f Donación  |k margarita.gutierrez  |l 1  |m Limitada  |p 19640217  |q 10,00  |r 2  |t 33299  |b 1  |d CDRC  |e CDRC  |g 341.1 ESTANTERIA CERRADA  |z 1964-40-21 
942
999 |c 113309  |d 113309